[Event "Druzynowe Mistrzostwa Polski - II liga"]
[Site "Sypniewo k. Jastrowia"]
[Date "1899-12-30"]
[Round "4.96"]
[White "Polak, Sylwia"]
[Black "Uliasz, Katarzyna"]
[Result "1-0"]
[WhiteTitle "I++"]
[BlackTitle "I++"]
[WhiteElo "1481"]
[BlackElo "1569"]

1. d4 Nf6 2. c4 g6 3. Nc3 Bg7 4. e4 d6 5. Nf3 O-O 6. Be2 Nbd7 7. O-O e5 8. d5 Nc5
9. Qc2 a5 10. Bg5 h6 11. Be3 b6 12. Nd2 Ng4 13. Bxg4 Bxg4 14. a3 f5 15. f3 Bh5
16. b4 Nd7 17. Nb5 f4 18. Bf2 g5 19. c5 bxc5 20. bxc5 Nxc5 21. Bxc5 dxc5 22. Qxc5
Rf7 23. Rfc1 Bf8 24. Qc3 Bd6 25. Nc4 g4 26. Nxe5 Rg7 27. Nxg4 Bxg4 28. fxg4 Qg5
29. Nxd6 Qxg4 30. Ra2 cxd6 31. Rf2 Rf8 32. Qf3 Qd7 33. Rc6 Kh7 34. Rfc2 Qa7+ 35.
Qf2 Qe7 36. Qf3 Qa7+ 37. Rf2 Qd7 38. Qd3 Rg6 39. e5 Qf5 40. Rc7+ Kg8 41. Qxf5
Rxf5 42. e6 Rg7 43. e7 Re5 44. Rc8+ Kf7 45. e8=Q+ Rxe8 46. Rxf4+ Ke7 47. Re4+
Kf7 48. Rcxe8 Rg5 49. R4e7+ Kg6 50. Rg8+ Kf5 51. Rxg5+ hxg5 52. Kf2 1-0

[Event "Druzynowe Mistrzostwa Polski - II liga"]
[Site "Sypniewo k. Jastrowia"]
[Date "1899-12-30"]
[Round "4.97"]
[White "Simon, Marek"]
[Black "Wesolowski, Edgar"]
[Result "1-0"]
[WhiteTitle "I+"]
[BlackTitle "I++"]
[WhiteElo "1849"]
[BlackElo "1951"]

1. e4 c5 2. Nf3 d6 3. d4 cxd4 4. Qxd4 Nc6 5. Bb5 Bg4 6. c4 Bxf3 7. gxf3 a6 8. Bxc6+
bxc6 9. Nc3 Nf6 10. Be3 c5 11. Qd1 Qb6 12. Qa4+ Nd7 13. Nd5 Qb7 14. Qa5 Rc8 15.
Qc3 e6 16. Nf4 Ne5 17. Ke2 f5 18. Nxe6 fxe4 19. f4 Nd3 20. Rhg1 Rg8 21. b3 Qf7
22. Ng5 Nxf4+ 23. Kf1 Qf6 24. Nxe4 Qxc3 25. Nxc3 Ng6 26. Rd1 Kd7 27. Rg5 Kc6 28.
Nd5 Be7 29. Rxg6 1-0

[Event "Druzynowe Mistrzostwa Polski - II liga"]
[Site "Sypniewo k. Jastrowia"]
[Date "1899-12-30"]
[Round "4.98"]
[White "Mierzynski, Jaroslaw"]
[Black "Wojtkowski, Pawel"]
[Result "0-1"]
[WhiteTitle "I+"]
[BlackTitle "I+"]
[WhiteElo "1922"]
[BlackElo "1850"]

1. e4 c5 2. Nf3 d6 3. d4 cxd4 4. Nxd4 Nf6 5. Nc3 a6 6. h3 e5 7. Nde2 b5 8. Bg5
Be7 9. g4 Bb7 10. Bg2 Nbd7 11. Ng3 g6 12. Qd2 Rc8 13. O-O Qc7 14. Rac1 Nb6 15.
Nd1 Nc4 16. Qd3 h6 17. Be3 Nd7 18. b3 Nxe3 19. Nxe3 Nc5 20. Qe2 Bg5 21. c4 b4
22. Rcd1 O-O 23. Nd5 Bxd5 24. Rxd5 a5 25. Qd1 Rfd8 26. Ne2 Ne6 27. Qd3 a4 28.
Rd1 Nc5 29. Qg3 axb3 30. axb3 Qe7 31. f4 exf4 32. Qf3 Re8 33. R5d4 Qa7 34. Kh1
Qa2 35. Rxd6 Nxe4 36. R6d3 Bh4 37. Rf1 Nf2+ 38. Rxf2 Bxf2 39. Qxf2 Rxe2 40. Qf3
Rxg2 41. Qxg2 Qb1+ 0-1

[Event "Druzynowe Mistrzostwa Polski - II liga"]
[Site "Sypniewo k. Jastrowia"]
[Date "1899-12-30"]
[Round "4.99"]
[White "Janicki, Rafal"]
[Black "Kowalewicz, Kacper"]
[Result "1-0"]
[WhiteTitle "I+"]
[BlackTitle "I+"]
[WhiteElo "1819"]
[BlackElo "1831"]

1. e4 e5 2. Nf3 Nf6 3. Nxe5 d6 4. Nf3 Nxe4 5. Nc3 Nxc3 6. dxc3 Nc6 7. Be3 Be7 8.
Qd2 a6 9. Bd3 h6 10. O-O-O Be6 11. Kb1 Qd7 12. h3 O-O-O 13. Nd4 Nxd4 14. Bxd4
Rhg8 15. Rhe1 Rde8 16. f4 h5 17. Qf2 g6 18. Qf3 Kb8 19. Rd2 Bh4 20. Rg1 f5 21.
g3 Bd8 22. h4 Bf7 23. Rgd1 Qa4 24. b3 Qa5 25. c4 Re6 26. Bf1 Rge8 27. Bg2 c6 28.
Kb2 Qc7 29. c5 d5 30. c4 dxc4 31. Qc3 Ka7 32. Be5 Qc8 33. Rd7 R6e7 34. Bxc6 Ba5
35. Qf3 c3+ 36. Kc2 Rxe5 37. fxe5 1-0

[Event "Druzynowe Mistrzostwa Polski - II liga"]
[Site "Sypniewo k. Jastrowia"]
[Date "1899-12-30"]
[Round "4.100"]
[White "Wawrzyniak, Pawel"]
[Black "Skrzypczak, Michal"]
[Result "0-1"]
[WhiteTitle "I"]
[BlackTitle "I++"]
[WhiteElo "1764"]
[BlackElo "1865"]

1. d4 b5 2. e4 Bb7 3. Bd3 e6 4. Nf3 c5 5. c3 Qb6 6. O-O Nf6 7. Re1 d5 8. e5 Nfd7
9. Ng5 Nc6 10. Qf3 Nd8 11. Nxh7 cxd4 12. Nxf8 Rxf8 13. cxd4 Qxd4 14. Bxb5 Bc6
15. Qc3 Qb6 16. Bxc6 Nxc6 17. Bf4 Rc8 18. Nd2 Qd4 19. Qxd4 Nxd4 20. Nb3 Nc6 21.
Rac1 Ke7 22. Bg5+ f6 23. exf6+ gxf6 24. Be3 Rg8 25. Nd4 Nde5 26. Nxc6+ Nxc6 27.
Bc5+ Kd7 28. f4 e5 29. fxe5 fxe5 30. b4 a6 31. a4 e4 32. Rcd1 Ke6 33. Bd4 Nxb4
34. Rb1 Rc4 35. Bc3 Nd3 36. Rb6+ Kd7 37. Rb7+ Kc6 38. Reb1 Rxc3 0-1

[Event "Druzynowe Mistrzostwa Polski - II liga"]
[Site "Sypniewo k. Jastrowia"]
[Date "1899-12-30"]
[Round "4.101"]
[White "Wlodarczak, Damian"]
[Black "Rusinski, Mateusz"]
[Result "1-0"]
[WhiteTitle "I"]
[BlackTitle "I"]
[WhiteElo "1820"]
[BlackElo "1751"]

1. e4 e5 2. Nf3 Nc6 3. d4 exd4 4. Bc4 Nf6 5. e5 d5 6. Bb5 Ne4 7. Nxd4 Bd7 8. Bxc6
bxc6 9. O-O Bc5 10. f3 Ng5 11. Be3 O-O 12. c3 Bb6 13. f4 Ne4 14. Nd2 Nxd2 15.
Qxd2 Qe7 16. Rae1 c5 17. Nb3 Bb5 18. Rf3 Bc6 19. Qc2 f5 20. Rg3 a5 21. Bf2 Ba4
22. Qe2 Bxb3 23. axb3 a4 24. bxa4 Rxa4 25. Qd1 Rxf4 26. Qxd5+ Qf7 27. e6 Qe7 28.
Rxg7+ Kxg7 29. Qe5+ Qf6 30. Qxf4 Re8 31. Bh4 Qg6 32. Qe5+ Kg8 33. Kh1 Qg4 34.
Bf6 h5 35. e7 Kh7 36. Qe6 Qg6 37. h4 c4 38. Bg5 Qxe6 39. Rxe6 Kg7 40. Kh2 Bc5
41. Kg3 Kf7 42. Rf6+ Kg7 43. Rxf5 Bxe7 44. Bxe7 Rxe7 45. Rxh5 Re2 46. Rc5 1-0

[Event "Druzynowe Mistrzostwa Polski - II liga"]
[Site "Sypniewo k. Jastrowia"]
[Date "1899-12-30"]
[Round "4.102"]
[White "Leszner, Liliana"]
[Black "Stochnialek, Dominika"]
[Result "1-0"]
[WhiteTitle "WIM"]
[BlackTitle "I++"]
[WhiteElo "1889"]
[BlackElo "1706"]

1. e4 e6 2. d4 d5 3. exd5 exd5 4. Bd3 Nf6 5. Nf3 c5 6. dxc5 Bxc5 7. O-O O-O 8.
Nc3 Nc6 9. h3 h6 10. Bf4 a6 11. Qd2 Be6 12. Rad1 Rc8 13. Ne5 Bb4 14. Nxc6 Rxc6
15. Be5 Nd7 16. Bd4 Nc5 17. Qf4 Nxd3 18. Rxd3 Bd6 19. Be5 Bxe5 20. Qxe5 Qc7 21.
Qh5 Qe7 22. Rfd1 b5 23. R1d2 Rfc8 24. a3 Qf8 25. Rg3 Kh8 26. Qe5 Rc4 27. Rf3 Kh7
28. Nxd5 Bxd5 29. Qxd5 f6 30. c3 Qe7 31. Re3 Qc5 32. Qf3 Qc6 33. Qf5+ Kh8 34.
Re6 Qb7 35. Red6 Qe7 36. Re6 Qb7 37. Rde2 Qd7 38. Qg6 Rg8 39. Re7 Qd1+ 40. Re1
Qd6 41. Rxg7 1-0

[Event "Druzynowe Mistrzostwa Polski - II liga"]
[Site "Sypniewo k. Jastrowia"]
[Date "1899-12-30"]
[Round "5.1"]
[White "Kowalczyk, Pawel"]
[Black "Gumula, Daniel"]
[Result "1-0"]
[WhiteTitle "m"]
[BlackTitle "FM"]
[WhiteElo "2339"]
[BlackElo "2163"]

1. a3 f5 2. c4 Nf6 3. d4 g6 4. Nc3 Bg7 5. g3 O-O 6. Bg2 c5 7. dxc5 Na6 8. b4 Ne4
9. Nxe4 Bxa1 10. Bh6 Bg7 11. Bxg7 Kxg7 12. Qd4+ Kg8 13. Ng5 e6 14. N1f3 Qf6 15.
Qxf6 Rxf6 16. Ne5 Rb8 17. O-O h6 18. Ngf3 Kf8 19. Rd1 Ke7 20. Nd4 Nc7 21. f4 g5
22. e3 a6 23. Kf2 Ke8 24. h4 gxh4 25. gxh4 Rf8 26. Bf3 Rg8 27. Nb3 Rg7 28. Rd6
Kd8 29. Nd4 Ke7 30. Bh5 Ne8 31. Bxe8 Kxe8 32. a4 b6 33. cxb6 Bb7 34. c5 Rc8 35.
a5 Rg2+ 36. Kf1 Rb2 1-0

[Event "Druzynowe Mistrzostwa Polski - II liga"]
[Site "Sypniewo k. Jastrowia"]
[Date "1899-12-30"]
[Round "5.2"]
[White "Garbowski, Jakub"]
[Black "Velicka, Petr"]
[Result "0-1"]
[WhiteTitle "k"]
[BlackTitle "GM"]
[WhiteElo "2142"]
[BlackElo "2393"]

1. e4 e5 2. Nf3 Nc6 3. Bb5 Nf6 4. d3 Bc5 5. c3 d6 6. Nbd2 a6 7. Ba4 O-O 8. O-O
Ba7 9. h3 Ne7 10. Re1 Ng6 11. Nf1 c6 12. Ng3 d5 13. Bb3 h6 14. exd5 Nxd5 15. d4
exd4 16. Nxd4 Ndf4 17. Qf3 Bxd4 18. Bxf4 Nxf4 19. Qxf4 Bb6 20. Rad1 Qg5 21. Qxg5
hxg5 22. Re7 g4 23. h4 Bc5 24. Re5 Bb6 25. Ne4 g6 26. h5 Bf5 27. hxg6 Bxg6 28.
Rd7 Kg7 29. Rxb7 Rab8 30. Rxb8 Rxb8 31. g3 Rd8 32. Re7 Kf8 33. Rb7 Bxe4 34. Rxb6
Rd2 35. Kf1 Rxb2 36. Ke1 Bd3 37. Rxc6 Re2+ 38. Kd1 Rxf2 39. Rd6 Rf3 40. Kd2 Be4
41. Rxa6 f5 42. c4 Rxg3 43. c5 Rd3+ 44. Ke1 Rc3 45. Rg6 Rxc5 46. Kd2 Bb1 47. Re6
Kg7 48. Re1 Be4 49. Ke3 Kf6 50. Kf4 Rc3 51. Bd1 Bd5 52. Be2 Bf3 53. Bb5 Bc6 54.
Be2 Bb5 55. Bd1 Rc1 56. Rh1 Ba4 0-1

[Event "Druzynowe Mistrzostwa Polski - II liga"]
[Site "Sypniewo k. Jastrowia"]
[Date "1899-12-30"]
[Round "5.3"]
[White "Szotkowski, Jakub"]
[Black "Maciol, Ryszard"]
[Result "1-0"]
[WhiteTitle "IM"]
[BlackTitle "k"]
[WhiteElo "2353"]
[BlackElo "2138"]

1. Nf3 Nf6 2. c4 e6 3. Nc3 d5 4. d4 c6 5. Bg5 Be7 6. e3 Nbd7 7. cxd5 exd5 8. Qc2
O-O 9. Bd3 Re8 10. h3 Nf8 11. O-O-O Be6 12. Kb1 Rc8 13. Ne5 Ne4 14. Bxe7 Nxc3+
15. Qxc3 Qxe7 16. Rc1 Rc7 17. g4 Bc8 18. Bc2 Qd6 19. Ka1 c5 20. Ba4 Ree7 21. Qa3
b6 22. g5 Bf5 23. f4 Ne6 24. Bc2 Bxc2 25. Rxc2 f6 26. gxf6 gxf6 27. Ng4 Ng7 28.
dxc5 bxc5 29. Rd1 Kh8 30. Rcd2 d4 31. Rxd4 1-0

[Event "Druzynowe Mistrzostwa Polski - II liga"]
[Site "Sypniewo k. Jastrowia"]
[Date "1899-12-30"]
[Round "5.4"]
[White "Stachanczyk, Jacek"]
[Black "Eggink, Ryszard"]
[Result "0-1"]
[WhiteTitle "IM"]
[BlackTitle "m"]
[WhiteElo "2152"]
[BlackElo "2387"]

1. e4 c5 2. Nf3 d6 3. d4 cxd4 4. Nxd4 Nf6 5. Nc3 a6 6. Bg5 Nbd7 7. Qe2 e6 8. f4
Qc7 9. O-O-O b5 10. a3 Bb7 11. g4 Be7 12. Bg2 h6 13. Bh4 g5 14. fxg5 Nh7 15. Bg3
hxg5 16. e5 dxe5 17. Bxb7 Qxb7 18. Bxe5 Nxe5 19. Qxe5 O-O-O 20. Nb3 Bd6 21. Qe2
Nf6 22. h3 Bf4+ 23. Kb1 Rxd1+ 24. Qxd1 Nxg4 25. Rg1 Ne3 26. Qd4 Rxh3 27. a4 Rh1
28. Rxh1 Qxh1+ 29. Ka2 Qc6 30. axb5 axb5 31. Qb4 Bd6 32. Qa5 Nxc2 33. Nxb5 Nb4+
34. Ka3 Nd5+ 35. Ka2 Kd7 36. Qa7+ Nc7 37. Nxc7 Qxc7 38. Qe3 Qc4 0-1

[Event "Druzynowe Mistrzostwa Polski - II liga"]
[Site "Sypniewo k. Jastrowia"]
[Date "1899-12-30"]
[Round "5.5"]
[White "Karwowski, Kacper"]
[Black "Rosicki, Marcin"]
[Result "1-0"]
[WhiteTitle "CM"]
[BlackTitle "I++"]
[WhiteElo "2230"]
[BlackElo "2009"]

1. c4 c6 2. e4 e6 3. Nf3 d5 4. exd5 exd5 5. cxd5 Qxd5 6. Nc3 Qh5 7. Be2 Nf6 8.
d4 Bg4 9. h3 Bb4 10. O-O Bxf3 11. Bxf3 Qa5 12. Qe2+ Kf8 13. a3 Bd6 14. Rb1 Nbd7
15. b4 Qc7 16. b5 Nb6 17. bxc6 bxc6 18. Qa6 Qc8 19. Qd3 Rb8 20. Bg5 Nbd5 21. Rxb8
Bxb8 22. Nxd5 Nxd5 23. Bxd5 cxd5 24. Qb5 f6 25. Rc1 Qd8 26. Qb7 1-0

[Event "Druzynowe Mistrzostwa Polski - II liga"]
[Site "Sypniewo k. Jastrowia"]
[Date "1899-12-30"]
[Round "5.6"]
[White "Guzik, Jolanta"]
[Black "Krupa, Monika"]
[Result "1-0"]
[WhiteTitle "WFM"]
[BlackTitle "WGM"]
[WhiteElo "1979"]
[BlackElo "2194"]

1. c4 e5 2. Nc3 Nc6 3. g3 g6 4. Bg2 Bg7 5. d3 d6 6. f4 h5 7. Nf3 Nge7 8. fxe5 dxe5
9. Bg5 f6 10. Bd2 Bg4 11. Qa4 Bd7 12. Qb3 Nf5 13. Nd5 Rb8 14. e3 Be6 15. a4 a6
16. a5 O-O 17. O-O Rf7 18. Rad1 Bf8 19. Rfe1 g5 20. Bc3 g4 21. Nd2 h4 22. Nf1
hxg3 23. hxg3 Bc5 24. Qc2 Qf8 25. Qe2 Rg7 26. b4 Bxb4 27. Nxb4 Nxb4 28. d4 exd4
29. exd4 Bd7 30. c5 Nc6 31. Qc4+ Kh8 32. d5 Nce7 33. c6 bxc6 34. dxc6 Bc8 35.
Rd2 Nd6 36. Qf4 Ng8 37. Bd5 Rb5 38. Ree2 Rh7 39. Rh2 Bf5 40. Rxh7+ Bxh7 41. Qxg4
Ne7 42. Qe6 Kg7 43. Ne3 Bf5 44. Nxf5+ Ndxf5 45. Bc4 Rb1+ 46. Kf2 Rc1 47. Bb2 Rh1
48. Kg2 Rh7 49. Rd7 Kg6 50. Qe4 Qh6 51. Qg4+ Qg5 52. Qxg5+ fxg5 53. Bd3 1-0

[Event "Druzynowe Mistrzostwa Polski - II liga"]
[Site "Sypniewo k. Jastrowia"]
[Date "1899-12-30"]
[Round "5.7"]
[White "Kempinski, Tomasz"]
[Black "Stoma, Pawel"]
[Result "0-1"]
[WhiteTitle "FM"]
[BlackTitle "m"]
[WhiteElo "2161"]
[BlackElo "2328"]

1. e4 c5 2. Nf3 Nc6 3. d4 cxd4 4. Nxd4 Qc7 5. Nb3 Nf6 6. Nc3 e6 7. a3 a6 8. f4
d6 9. Bd3 b5 10. O-O Bb7 11. Qf3 Be7 12. Qh3 h5 13. Bd2 b4 14. axb4 Nxb4 15. Na5
Nxd3 16. cxd3 Rb8 17. f5 Ng4 18. Qf3 d5 19. Bf4 e5 20. Bg3 dxe4 21. dxe4 Ba8 22.
Nd5 Bxd5 23. exd5 Rxb2 24. Kh1 Bd6 25. Rfc1 Rc2 26. Qd1 Ne3 27. Rxc2 Nxc2 28.
Ra2 Ne3 29. Qa4+ Kf8 30. Nc6 Nxf5 31. Bf2 g6 32. Qxa6 Kg7 33. Rb2 Qc8 34. Rb7
h4 35. Qa7 Qe8 36. Be1 h3 37. Bc3 hxg2+ 38. Kg1 Rh3 39. Qa1 Re3 40. Bb4 Qc8 41.
Qa7 Bxb4 42. Rxb4 Nd4 43. Rxd4 Re1+ 44. Kxg2 Qf5 45. Rb4 Re2+ 46. Kg3 Qd3+ 0-1

[Event "Druzynowe Mistrzostwa Polski - II liga"]
[Site "Sypniewo k. Jastrowia"]
[Date "1899-12-30"]
[Round "5.8"]
[White "Miroslaw, Michal"]
[Black "Rusiniak, Slawomir"]
[Result "1/2-1/2"]
[WhiteTitle "FM"]
[BlackTitle "I++"]
[WhiteElo "2269"]
[BlackElo "2110"]

1. e4 g6 2. d4 Bg7 3. Nf3 d6 4. Nc3 Nf6 5. Be3 Bg4 6. Bd3 O-O 7. O-O Nc6 8. Bb5
Nd7 9. Bxc6 bxc6 10. h3 Bxf3 11. Qxf3 Qb8 12. Rab1 Qb4 13. Rfd1 e6 14. Qe2 c5
15. a3 Qa5 16. b4 cxb4 17. axb4 Qb6 18. d5 Qb7 19. dxe6 Bxc3 20. Qc4 Bg7 21. exd7
Rfd8 22. Rd5 Rxd7 23. Rb5 Qc8 24. Qc6 Re7 25. Rb7 a6 26. Bb6 Qe8 27. Rxc7 Rxe4
28. Be3 Qxc6 29. Rxc6 d5 30. Bc5 Rc4 31. Rd1 d4 32. Rd6 a5 33. Bxd4 axb4 34. Bxg7
Kxg7 35. R6d4 Rac8 36. R1d2 Rxd4 37. Rxd4 Rxc2 1/2-1/2

[Event "Druzynowe Mistrzostwa Polski - II liga"]
[Site "Sypniewo k. Jastrowia"]
[Date "1899-12-30"]
[Round "5.9"]
[White "Bartkowiak, Damian"]
[Black "Pyda, Zbigniew"]
[Result "1/2-1/2"]
[WhiteTitle "k"]
[BlackTitle "FM"]
[WhiteElo "2099"]
[BlackElo "2283"]

1. d4 d5 2. c4 e6 3. Nf3 Nf6 4. g3 c6 5. Bg2 Bd6 6. O-O Nbd7 7. Nbd2 O-O 8. Qc2
Qe7 9. Rd1 b6 10. e4 dxe4 11. Nxe4 Nxe4 12. Qxe4 Bb7 13. Bg5 f6 14. Bf4 Rfe8 15.
Bxd6 Qxd6 16. Rd2 Nf8 17. Rad1 Qc7 18. Nh4 Rad8 19. Qc2 Rd7 1/2-1/2

[Event "Druzynowe Mistrzostwa Polski - II liga"]
[Site "Sypniewo k. Jastrowia"]
[Date "1899-12-30"]
[Round "5.10"]
[White "Panas, Pawel"]
[Black "Walkusz, Witoslaw"]
[Result "1/2-1/2"]
[WhiteTitle "k"]
[BlackTitle "FM"]
[WhiteElo "2158"]
[BlackElo "2015"]

1. d4 d6 2. e4 Nf6 3. Nc3 g6 4. g3 Bg7 5. Bg2 O-O 6. Nge2 Nbd7 7. O-O e5 8. h3
a5 9. a4 Re8 10. Re1 c6 11. Be3 Qc7 12. g4 Nb6 13. Qd3 d5 14. dxe5 dxe4 15. Nxe4
Nxe4 16. Bxe4 Bxe5 17. Bd4 Be6 18. Bxe5 Qxe5 19. Qd4 Bd5 20. Qxe5 Rxe5 21. Bxd5
Nxd5 22. c4 Nb4 23. Nd4 Rae8 24. Rxe5 1/2-1/2

[Event "Druzynowe Mistrzostwa Polski - II liga"]
[Site "Sypniewo k. Jastrowia"]
[Date "1899-12-30"]
[Round "5.11"]
[White "Chaczynski, Kamil"]
[Black "Maka, Marcin"]
[Result "1/2-1/2"]
[WhiteTitle "I++"]
[BlackTitle "k"]
[WhiteElo "2047"]
[BlackElo "2086"]

1. e4 c5 2. Nf3 Nc6 3. Bb5 e5 4. O-O Nge7 5. c3 d6 6. h3 Qc7 7. d4 a6 8. Ba4 b5
9. Bb3 Ng6 10. Re1 Be7 11. a4 Rb8 12. axb5 axb5 13. Be3 O-O 14. Nbd2 Kh8 15. Nf1
Na5 16. Bc2 cxd4 17. cxd4 Nc4 18. Bc1 exd4 19. b3 d3 20. Bxd3 Nce5 21. Nxe5 dxe5
22. Qe2 Qb6 23. Be3 Bc5 24. b4 Bxe3 25. Qxe3 Nf4 26. Bb1 Qg6 27. Ng3 h5 28. Nf1
1/2-1/2

[Event "Druzynowe Mistrzostwa Polski - II liga"]
[Site "Sypniewo k. Jastrowia"]
[Date "1899-12-30"]
[Round "5.13"]
[White "Krzywda, Andrzej"]
[Black "Bebel, Arkadiusz"]
[Result "1-0"]
[WhiteTitle "CM"]
[BlackTitle "FM"]
[WhiteElo "2076"]
[BlackElo "2294"]

1. e4 d6 2. d4 Nf6 3. Nc3 Nbd7 4. Nge2 e5 5. g3 b5 6. Bg2 c6 7. a3 Be7 8. b3 O-O
9. Bb2 Re8 10. Qd2 a5 11. O-O Bb7 12. h3 Bf8 13. dxe5 dxe5 14. g4 Nc5 15. Qe3
Ne6 16. Rad1 Qc7 17. Qg3 Bc5 18. Na2 Nd7 19. Nac1 f6 20. h4 h6 21. Nd3 Ba7 22.
Bc1 g5 23. Qh3 Ndf8 24. Ng3 Ng7 25. Nf5 Nxf5 26. gxf5 Qe7 27. Bf3 Red8 28. Kg2
c5 29. Rh1 Qg7 30. hxg5 hxg5 31. Qg4 c4 32. bxc4 bxc4 33. Nb2 Rxd1 34. Rxd1 Rc8
35. Be2 c3 36. Nc4 Qc7 37. Nd6 Nh7 38. Bc4+ Kh8 39. Nxc8 Qxc8 40. Be6 Qa8 41.
Rd7 1-0

[Event "Druzynowe Mistrzostwa Polski - II liga"]
[Site "Sypniewo k. Jastrowia"]
[Date "1899-12-30"]
[Round "5.14"]
[White "Sowul, Bartosz"]
[Black "Chojnacki, Slawomir"]
[Result "0-1"]
[WhiteTitle "k+"]
[BlackTitle "CM"]
[WhiteElo "2248"]
[BlackElo "2150"]

1. e4 b6 2. d4 Bb7 3. Nc3 Nf6 4. Bd3 e6 5. Nf3 Be7 6. O-O d5 7. e5 Nfd7 8. Ne2
Ba6 9. b3 Bxd3 10. Qxd3 c5 11. c4 Nc6 12. cxd5 Nb4 13. Qe4 Nxd5 14. Qg4 g6 15.
Bh6 Bf8 16. Bg5 Be7 17. Bh6 Bf8 18. Bg5 Be7 19. h4 h6 20. Bd2 h5 21. Qe4 cxd4
22. Nexd4 Nc5 23. Qe2 Rc8 24. Rac1 a5 25. a3 O-O 26. b4 axb4 27. axb4 Na4 28.
Nc6 Nac3 29. Nxe7+ Qxe7 30. Rxc3 Rxc3 31. Bxc3 Nxc3 32. Qc4 Nd5 33. b5 Ra8 34.
Rc1 Kg7 35. g3 Qa3 36. Kg2 Ra4 37. Qc2 Qb4 38. Ng5 Qxb5 39. Qc8 Ra2 40. Rc2 Rxc2
41. Qxc2 Nb4 42. Nxe6+ fxe6 43. Qc7+ Kf8 44. Qb8+ Qe8 45. Qd6+ Qe7 46. Qxb6 Nd5
47. Qb2 Kg7 48. Qd2 Nb4 49. Kh2 Nc6 50. f4 Nd8 51. Qc3 Nf7 52. Qb3 Nh6 53. Kh3
Ng4 54. Qf3 Qd7 55. Qg2 Qd5 56. Qf1 Qd2 57. Qg1 Kh6 58. f5 gxf5 0-1

[Event "Druzynowe Mistrzostwa Polski - II liga"]
[Site "Sypniewo k. Jastrowia"]
[Date "1899-12-30"]
[Round "5.15"]
[White "Malecki, Rafal"]
[Black "Solnicki, Michal"]
[Result "0-1"]
[WhiteTitle "k+"]
[BlackTitle "k"]
[WhiteElo "1942"]
[BlackElo "2166"]

1. e4 c5 2. Nf3 Nc6 3. d3 e5 4. g3 Be7 5. Bg2 Nf6 6. Nbd2 d5 7. O-O O-O 8. c3 Re8
9. Re1 d4 10. Nc4 Nd7 11. a4 Rb8 12. Bh3 Qc7 13. Bg5 Bf8 14. Nh4 Nb6 15. Bxc8
Nxc8 16. Nf5 f6 17. Bd2 Rd8 18. Qb3 Kh8 19. cxd4 Nxd4 20. Nxd4 Rxd4 21. Be3 Rd7
22. f4 Nd6 23. Rad1 Rbd8 24. Na3 Nf7 25. Nb5 Qb6 26. Qc2 exf4 27. gxf4 Qe6 28.
Re2 Qh3 29. Nc3 Nh6 30. Nd5 Ng4 31. Bc1 f5 32. Rg2 fxe4 33. dxe4 Nf6 34. Rd3 Qh4
35. Rgd2 Nxe4 36. Rd1 Qg4+ 37. Kf1 Qf5 38. Qc4 Nf6 39. Nxf6 gxf6 40. Rxd7 Rxd7
41. Rxd7 Qxd7 42. b3 Kg7 43. Qc3 Qd5 44. Kg1 Bd6 45. Qg3+ Kf7 46. Qc3 Qd1+ 47.
Kf2 Qh5 48. Qc4+ Kg7 49. Kg3 Qf5 50. h3 h5 51. Be3 b6 52. Qe2 Qg5+ 53. Kf3 Qd5+
54. Kf2 Qxb3 55. Qxh5 Qc2+ 56. Kf1 Qe4 57. Qg4+ Kf8 58. Qc8+ Ke7 59. Kf2 Bxf4
60. Bxf4 Qxf4+ 61. Kg2 Qg5+ 62. Kf3 Qd5+ 63. Kg3 Qd6+ 64. Kg2 Qd7 65. Qa6 Kf8
66. Qf1 Qd5+ 67. Kh2 Qe5+ 68. Kh1 f5 69. Qa6 Qd5+ 70. Kg1 Qd7 71. Kf2 Kg7 72.
Kf3 Kg6 73. Qf1 Qd5+ 74. Kg3 Qe5+ 75. Kg2 Kg5 76. Kh1 Qe4+ 77. Kg1 c4 78. Qc1+
f4 79. Qa1 Qe3+ 80. Kh1 Qxh3+ 81. Kg1 Qe3+ 82. Kh1 c3 83. a5 Qh3+ 84. Kg1 Qg3+
85. Kh1 f3 86. Qc1+ Kg4 0-1

[Event "Druzynowe Mistrzostwa Polski - II liga"]
[Site "Sypniewo k. Jastrowia"]
[Date "1899-12-30"]
[Round "5.16"]
[White "Zysko, Jan"]
[Black "Bachorczyk, Marcin"]
[Result "1-0"]
[WhiteTitle "k"]
[BlackTitle "I"]
[WhiteElo "2080"]
[BlackElo "2003"]

1. e4 c5 2. Nf3 d6 3. d4 cxd4 4. Nxd4 Nf6 5. Nc3 a6 6. Be2 e5 7. Nb3 Be6 8. O-O
Nbd7 9. f4 Qc7 10. Kh1 b5 11. Bd3 Be7 12. f5 Bc4 13. Qe1 O-O 14. Bg5 h6 15. Be3
b4 16. Ne2 d5 17. Qg3 Kh7 18. exd5 Bxd3 19. cxd3 Qc2 20. Qf3 Rac8 21. Ng3 Qxb2
22. Bc1 Qc2 23. Rf2 Qc7 24. Bb2 a5 25. Nd2 Qa7 26. Nc4 e4 27. Nxe4 Nxe4 28. Qxe4
Bf6 29. Qf4 Bxb2 30. Rxb2 Nf6 31. d6 Rc5 32. Qd4 Rfc8 33. Re1 Qa6 34. d7 1-0

[Event "Druzynowe Mistrzostwa Polski - II liga"]
[Site "Sypniewo k. Jastrowia"]
[Date "1899-12-30"]
[Round "5.17"]
[White "Szajda, Marcin"]
[Black "Chrzaszcz, Malvina"]
[Result "1/2-1/2"]
[WhiteTitle "I++"]
[BlackTitle "k+"]
[WhiteElo "1936"]
[BlackElo "1996"]

1. e4 e5 2. Nf3 Nc6 3. Bb5 Nf6 4. d3 d6 5. O-O a6 6. Ba4 b5 7. Bb3 Be7 8. c3 O-O
9. Nbd2 Na5 10. Bc2 c5 11. Re1 Re8 12. Nf1 Bf8 13. Bg5 h6 14. Bh4 Nc6 15. Ne3
g5 16. Bg3 Bg7 17. Bb3 Be6 18. Qe2 a5 19. Bxe6 fxe6 20. h3 Qb6 21. Nh2 Kh7 22.
h4 Ra7 23. hxg5 hxg5 24. Nf3 Bh6 25. Kh2 Kg6 26. Rh1 Rh7 27. Kg1 Reh8 28. a4 Bf8
29. Rxh7 Rxh7 30. axb5 Qxb5 31. Nc4 Rh8 32. d4 Qb7 33. dxe5 Qh7 34. Kf1 Qh1+ 35.
Ng1 dxe5 36. Nxe5+ Nxe5 37. Bxe5 Rh4 38. Bxf6 Kxf6 39. Rxa5 Bd6 40. g3 Rxe4 41.
Qf3+ Qxf3 42. Nxf3 Be7 43. Nd2 Re5 44. Nc4 Rd5 45. Ke2 Rd8 46. Rb5 Ra8 47. Nb6
Rd8 48. Ke3 Rd1 49. Ke4 Rd2 50. f3 Rd1 51. g4 Kf7 52. Na4 Rd5 53. b3 Kf6 54. c4
Re5+ 55. Kd3 Bd6 56. Nb6 Ke7 57. Nc8+ Kd7 58. Nxd6 Kxd6 59. b4 cxb4 60. Rxb4 Re1
61. Rb5 Rf1 62. Ke2 Rc1 63. Rxg5 Rxc4 64. Ra5 Ke7 65. Ra3 Kf6 66. Ke3 Kg5 67.
Rd3 e5 68. Rd5 Kf6 69. Rd6+ Ke7 70. Ra6 Kf7 71. Rb6 Ra4 72. Kf2 Rc4 73. Rb3 Kf6
74. Re3 Rc5 75. Kg3 Kg5 76. Ra3 Rc1 77. Ra8 Rc3 78. Re8 Kf6 79. Rf8+ Kg6 80. Kf2
Ra3 81. Rf5 e4 82. fxe4 Rb3 83. Rf3 Rb4 84. Re3 Kg5 85. Kf3 Rb1 86. e5 Rf1+ 87.
Kg2 Rf4 88. e6 Rxg4+ 89. Kf3 Rf4+ 90. Ke2 Rf8 91. Kd3 Kf6 92. Kd4 Rd8+ 93. Kc5
Ke7 94. Re5 Rd1 95. Re4 Rd2 96. Rd4 Rxd4 1/2-1/2

[Event "Druzynowe Mistrzostwa Polski - II liga"]
[Site "Sypniewo k. Jastrowia"]
[Date "1899-12-30"]
[Round "5.18"]
[White "Gluszko, Monika"]
[Black "Cyboran, Katarzyna"]
[Result "1-0"]
[WhiteTitle "k"]
[BlackTitle "I++"]
[WhiteElo "1916"]
[BlackElo "1773"]

1. e4 c5 2. Nf3 e6 3. d4 cxd4 4. Nxd4 a6 5. c4 b6 6. Nc3 Bb7 7. Be3 Qc7 8. Bd3
Nf6 9. O-O h5 10. h3 d6 11. Rc1 Nbd7 12. f3 Ne5 13. Be2 Be7 14. Na4 Nfd7 15. b4
Nc6 16. a3 O-O 17. Nc3 Nxd4 18. Bxd4 Bf6 19. f4 Bxd4+ 20. Qxd4 Nf6 21. Bf3 Rfd8
22. Na4 Bc6 23. Nxb6 Qa7 24. c5 Rab8 25. Nc4 dxc5 26. Qxc5 Qxc5+ 27. bxc5 Bxe4
28. Bxe4 Nxe4 29. c6 Rdc8 30. Rfe1 f5 31. Ne5 Rb2 32. Re3 Kf8 33. Rd3 Rd2 34.
Rb3 Nd6 35. Rb6 a5 36. c7 Ke8 37. Rb8 Rd5 38. Rc6 Rd1+ 39. Kh2 Ke7 1-0

[Event "Druzynowe Mistrzostwa Polski - II liga"]
[Site "Sypniewo k. Jastrowia"]
[Date "1899-12-30"]
[Round "5.19"]
[White "Cukrowski, Filip"]
[Black "Klepek, Witold"]
[Result "1-0"]
[WhiteTitle "FM"]
[BlackTitle "k++"]
[WhiteElo "2382"]
[BlackElo "2103"]

1. d4 Nf6 2. c4 e6 3. g3 d5 4. Nf3 Bb4+ 5. Bd2 a5 6. Qc2 Nc6 7. a3 Bxd2+ 8. Nbxd2
O-O 9. Bg2 dxc4 10. Qxc4 e5 11. dxe5 Ng4 12. Rc1 Re8 13. Qc3 Ngxe5 14. Nxe5 Nxe5
15. O-O Bg4 16. Bxb7 Bxe2 17. Rfe1 Nd3 18. Bxa8 Nxc1 19. Be4 Na2 20. Qc6 Re6 21.
Rxe2 Rxc6 22. Bxc6 Kf8 23. Re8+ Qxe8 24. Bxe8 Kxe8 25. Nb3 Kd7 26. Kf1 a4 27.
Nc5+ Kc6 28. Nd3 Kd5 29. Ke2 Kc4 30. Kd2 Kb3 31. h4 c5 32. Nxc5+ Kxb2 33. Nxa4+
Kxa3 34. Nc3 Nb4 35. Nb5+ Kb3 36. Nd6 Nc6 37. Kd3 Kb4 38. Nxf7 Kc5 39. Ng5 Kd5
40. Nxh7 Ke5 41. Ng5 Kf5 42. Ke2 Nd4+ 43. Kf1 Kg4 44. Kg2 Nf5 45. Ne6 Kh5 46.
Kh3 Kg6 47. g4 Nd6 48. Kg3 Kf6 49. Ng5 Nb5 50. Kf4 Nd4 51. Ke4 Ne2 52. f4 Nc3+
53. Kf3 Nd5 54. Ne4+ Ke6 55. h5 Ne7 56. g5 Nd5 57. Ng3 Nc3 58. Ne2 Nb5 59. Kg4
Nd6 60. Nd4+ Kd5 61. Nf5 Ne8 62. Nxg7 Nxg7 63. h6 1-0